| 000 | 01271cam a22003977a 4500 | ||
|---|---|---|---|
| 001 | 000068882 | ||
| 003 | CHAP | ||
| 005 | 20220817043120.0 | ||
| 008 | 971013s1985 r 00010 d | ||
| 010 | _a66154 | ||
| 011 | _a67126 | ||
| 020 | _a9253023198 | ||
| 035 | _a76595 | ||
| 040 | _cCHAP | ||
| 082 |
_a630.72 _bF32 |
||
| 110 | _aFAO | ||
| 245 | 1 | 0 | _aFAO los primeros 40 años. |
| 260 |
_aRoma : _bFAO, _c1985. |
||
| 300 |
_a155 p. : _b: ilus.; láms.; mapas. |
||
| 590 |
_aBATCH-UPD _b10 _c20130110 _lUCH01 _h1445 |
||
| 590 |
_aBATCH-UPD _b10 _c20130410 _lUCH01 _h0915 |
||
| 590 |
_aBATCH-UPD _b10 _c20130914 _lUCH01 _h0147 |
||
| 590 |
_aBATCH-UPD _b10 _c20140805 _lUCH01 _h1146 |
||
| 590 |
_aCONVERSION _b10 _c20130109 _lUCH01 _h1336 |
||
| 590 |
_aE11695DGD _b10 _c20140122 _lUCH01 _h1507 |
||
| 650 | 1 | 4 |
_aAgricultura _xInvestigación. _91577 |
| 650 | 1 | 4 |
_aAlimentos _xAbastecimiento. |
| 650 | 1 | 4 |
_aAlimentos _xInvestigación. _94240 |
| 901 | _aBK | ||
| 942 | _cLIBRO | ||
| 942 | _n0 | ||
| 949 |
_a630.72 F32 _bBC _cFAO _d-29450 _eFAO1 _h70546 _i76595 _si |
||
| 949 |
_a630.72 F32 _bBC _cFAO _d-93092 _eFAO2 _fc.2 _h70547 _i76595 _si |
||
| 949 |
_a630.72 F32 _bBC _cFAO _d-93093 _eFAO2 _fc.3 _h70548 _i76595 _si |
||
| 949 |
_a630.72 F32 _bBC _cFAO _d-93094 _eFAO2 _fc.4 _h70549 _i76595 _si |
||
| 999 |
_c66154 _d66154 |
||